| 000 | 00960nam a2200325 a 4500 | ||
|---|---|---|---|
| 003 | AR-BaBNM | ||
| 005 | 20251128205418.0 | ||
| 008 | 082120s2002 ||||||||||||||000 | spa|| | ||
| 020 | _a987-99286-7-9 | ||
| 040 | _cAR-BaBNM | ||
| 100 | 1 | _aCarnelli, Gustavo | |
| 245 | 0 | 0 |
_aFunción de gala _bdramáticas actividades para dominar las funciones matemáticas |
| 260 |
_aBuenos Aires _bEdiciones El Hacedor _c1997 |
||
| 300 |
_a125 p. _bil., tablas |
||
| 500 | _aGlosario: p. 119-124 | ||
| 650 | 4 | _aFUNCIONES [MATEMATICA] | |
| 650 | 4 | _aMATEMATICA MODERNA | |
| 650 | 4 | _aECUACIONES | |
| 650 | 4 | _aENSEÑANZA DE LAS MATEMATICAS | |
| 650 | 4 | _aACTIVIDADES DE APRENDIZAJE | |
| 650 | 4 | _aSOLUCION DE PROBLEMAS | |
| 653 | _aEDUCACION POLIMODAL | ||
| 653 | _aARTICULACION DE AREAS | ||
| 700 | 1 | _aNovembre, Andrea | |
| 700 | 1 | _aVilariño, Alejandra | |
| 700 | 0 | _eilustrador | |
| 700 | 1 |
_aMontini, Adrián _eilustrador |
|
| 942 | _cBK | ||
| 998 | _cSILVI | ||
| 999 |
_c11338 _d11338 |
||